=LDR 00000nam 2200000 4500 =001 INLIS000000000033334 =005 20130612135309 =008 ***********************************ind** =035 ##$$0010-061300000033334 =041 ##$$a ind =082 ##$$a 001.42 =090 ##$$a 001.42, Fat,m =100 ##$$a Fathoni,Abdurrahmat,H =245 ##$$a Metodologi Penelitian dan Tehnik Penyusunan Skripsi, H.Abdurrahhmat Fathoni =260 ##$$a Rineka Cipta. 006 $b Jakarta =300 ##$$a vii,149 hlm., 21 cm =650 ##$$a Penelitian - Metode =850 ##$$a NBPNMAT